[Event "88th GER-ch Men 2017"]
[Site "Apolda"]
[Date "2017.06.24"]
[Round "2"]
[White "Dobierzin, Olaf"]
[Black "Buecker, Stefan"]
[Result "0-1"]
[WhiteElo "2020"]
[BlackElo "2291"]
[Annotator "TA"]
[PlyCount "138"]
[EventDate "2017.??.??"]
[EventType "swiss"]
[EventCountry "GER"]
[SourceTitle "playchess.com"]
[Source "ChessBase"]
[SourceQuality "1"]

{[%evp 16,138,37,34,85,76,79,75,87,94,117,-39,-20,-101,0,-11,-15,0,-11,-41,-45,-97,-89,-144,-163,-156,-156,-167,-79,-163,-131,-136,-113,-108,-88,-112,-106,-224,-162,-852,-641,-688,-688,-665,-674,-490,-62,-41,0,0,0,-204,-233,-453,-172,-264,-18,-10,-18,-12,-10,-66,-66,-66,-66,-226,-263,-261,-248,-267,-235,-293,-295,-295,-285,-294,-242,-291,-285,-247,-224,-250,-250,-274,-272,-295,-293,-395,-383,-425,-381,-372,-371,-380,-380,-373,-365,-371,-345,-331,-304,-323,0,-317,-300,-265,-170,-179,-179,-29964,-29968,-29964,-29970,-6128,-5971,-29976,-29977,-29977,-29978,-29978,-29979,-29979,-29980,-29980,-29981]} 1. e4 e5 2. Nf3 Nc6 3. Bb5 {[%cal Bf1b5,Bb5a4,Ba4b3][%mdl 32]} a6 4. Ba4 Be7 5. O-O d6 6. c3 b5 7. Bb3 Nf6 8. h3 Na5 {C78: Ruy Lopez: Archangelsk and Möller Defences} 9. Bc2 {LiveBook: 4 Games} g5 $146 (9... c5 $14) ({Predecessor:} 9... c5 10. d4 Qc7 11. d5 Nc4 12. a4 Nb6 13. b3 O-O 14. Nbd2 bxa4 15. bxa4 a5 16. Re1 {0-1 (35) Annageldyev,O (2458)-Kuzmin,G (2518) Alushta 2004}) 10. d4 g4 {White is better.} 11. hxg4 Bxg4 12. dxe5 Nd7 13. Bf4 $2 (13. exd6 $16 Bxd6 14. Bg5 Qxg5 15. Nxg5 Bxd1 16. Rxd1) 13... dxe5 $15 14. Bg3 (14. Be3 $11 {remains equal.}) 14... Nc4 (14... h5 $1 $17 15. Qd3 Nc4) 15. b3 Nd6 16. Qd3 Bf6 $1 17. Nbd2 (17. Nh2 $5 {[%cal Rh2g4]} Be6 18. f4 exf4 19. Bxf4 $11) 17... h5 18. Nh2 (18. Rfe1 $15) 18... Be6 $1 $36 {[%mdl 2048] ...h4 is the strong threat. Black is really pushing.} 19. f3 ({Better is} 19. Nhf3) 19... Rg8 20. Be1 Bg5 $1 21. Kh1 Qe7 (21... Bf4 $19 {is more deadly.} 22. Qe2 Qg5) 22. Bf2 (22. Qe2 $17) 22... Rd8 23. Rfd1 Nf6 {[%cal Bd7f6,Bf6h5,Bh5g3][%mdl 32]} 24. Ndf1 h4 {[%cal Bh5h4,Bh4g3][%mdl 32]} 25. Ne3 Nb7 26. Qf1 (26. Nd5 $17 {was called for.} Nxd5 27. exd5 Rxd5 28. Qh7 Rxd1+ 29. Rxd1) 26... Nh5 27. Nhg4 $2 (27. Rxd8+ Nxd8 28. Qe1) 27... Bxe3 28. Nxe3 Ng3+ 29. Bxg3 hxg3 30. Kg1 Rh8 $2 (30... Qh4 $19 {[%csl Gg3][%cal Rh4h2]} 31. Qe1 Qh2+ 32. Kf1 Bh3) 31. Qe1 $1 $15 {[%cal Re1g3]} Qg5 32. Rxd8+ Nxd8 33. Rd1 $2 {[#]} (33. Nf1 $1 $11) 33... Bc8 $1 $19 34. Nf1 $2 ({Don't go for} 34. Nf5 $2 Bxf5 35. Qd2 (35. exf5 $2 Qh4 $19) 35... Qxd2 $19) (34. c4) 34... Rg8 $2 (34... Qh6 {[%csl Gh8][%cal Rh6h1]} 35. Rxd8+ (35. Qxg3 $2 Qb6+ 36. Rd4 exd4 $19) 35... Kxd8 36. Qd2+ Qxd2 37. Nxd2 Rh6) 35. Qd2 (35. Rd5 {is a better defense.}) 35... Ne6 $2 ({Black should play} 35... Qh4 $19 36. Qd5 Ne6 37. Qxe5 f6) 36. Qxg5 $11 Rxg5 37. Ne3 Nf4 {White must now prevent ...Ne2+.} 38. Nd5 (38. Bd3 $11) 38... c6 $15 39. Nxf4 exf4 {[%mdl 4096] Endgame KRB-KRB} 40. Rd6 $2 {[#]} (40. b4 $15) 40... Rc5 $1 $19 41. Rd3 b4 42. c4 Ke7 43. Kf1 Ra5 44. Bb1 Rh5 45. Kg1 Rh8 46. Bc2 Be6 47. Rd2 Rh5 48. Bd3 a5 49. Be2 Rh8 50. Bf1 {[#]} a4 $1 {[%mdl 512]} 51. Be2 (51. bxa4 Ra8) 51... axb3 52. axb3 Ra8 53. Kf1 Ra1+ 54. Bd1 Kf6 55. Ke2 Ke5 56. Kf1 c5 57. Ke2 Rc1 58. Rd3 Ra1 59. Rd2 Ra6 60. Kf1 f6 61. Ke2 Ra7 {aiming for ...Rh7.} 62. Kf1 $2 (62. Ke1 $19) 62... Rd7 63. Rxd7 Bxd7 {KB-KB} 64. Ke1 Kd4 65. Be2 Kc3 {Black mates.} 66. Bd1 Be6 67. Ke2 Bf7 68. Ke1 {[#]} Bxc4 $1 {[%mdl 512]} 69. bxc4 b3 {Precision: White = 24%, Black = 59%.} 0-1

[Event "88th GER-ch Men 2017"]
[Site "Apolda"]
[Date "2017.06.25"]
[Round "3"]
[White "Meier, Georg"]
[Black "Jahncke, Giso"]
[Result "1/2-1/2"]
[WhiteElo "2636"]
[BlackElo "2340"]
[Annotator "TA"]
[PlyCount "97"]
[EventDate "2017.??.??"]
[EventType "swiss"]
[EventCountry "GER"]
[SourceTitle "playchess.com"]
[Source "ChessBase"]
[SourceQuality "1"]

{[%evp 15,97,17,18,18,26,17,29,23,17,22,18,18,26,21,112,102,89,104,158,162,160,156,141,49,49,50,133,76,87,82,92,85,82,0,12,0,0,0,0,-129,-110,-129,-142,-135,55,56,75,73,62,68,70,75,79,52,133,112,113,0,0,0,0,0,0,0,0,0,0,0,0,0,0,0,0,0,0,0,0,0,0,0,0,0,0,0]} 1. e4 e5 2. Nf3 Nc6 3. Bb5 a6 4. Bxc6 dxc6 5. O-O Bg4 6. h3 Bh5 7. g4 Bg6 8. Nxe5 Qh4 9. Qf3 {C68: Ruy Lopez: Exchange Variation, sidelines} f6 $1 {[%cal Rf6e5]} 10. Nxg6 hxg6 11. Kg2 {White has an edge.} g5 12. d3 (12. Rh1 Ne7 13. d3 O-O-O 14. Nd2 Kb8 15. Nc4 Qh7 16. Kf1 Qg8 {½-½ (63) Guseinov,G (2623)-Kriebel,T (2484) Konya 2016}) 12... Bd6 13. Rh1 Ne7 14. Be3 $146 ({Predecessor:} 14. Nd2 Qh7 15. Nc4 Qg8 16. a4 Qe6 {½-½ (47) Slingerland,F (2390)-Arnaudov,P (2439) Haarlem 2011}) 14... Qh6 {[#]} (14... Qh7 $11 {keeps the balance.}) 15. h4 $1 $16 {[%mdl 512]} Ng6 (15... gxh4 16. Bxh6) 16. h5 Bf4 (16... Qh7 $142) 17. Nc3 $1 Ne5 18. Qh3 Bxe3 19. fxe3 (19. Qxe3 $16 {And now Rae1 would win.} O-O-O 20. f3) 19... O-O-O 20. Ne2 g6 (20... Qh7 $14) 21. Nd4 (21. b3 $142) 21... c5 22. Ne6 Rde8 23. Nxc5 {Black must now prevent hxg6.} b6 24. Nb3 ({White should play} 24. d4 $1 $16 {[%cal Rd4e5]} bxc5 25. dxe5 fxe5 26. Rad1) 24... f5 25. hxg6 Qg7 26. Qg3 fxe4 27. d4 (27. Rxh8 $1 $11 Rxh8 28. Nd4 (28. dxe4 Nxg6 29. Nd4 c5 $11) 28... Nxg6 29. Rf1 (29. dxe4 c5 $11)) 27... Nf3 $1 $17 28. Rxh8 Rxh8 29. Rh1 {[#]} Nh4+ $2 (29... Rxh1 $1 $17 30. Kxh1 Qxg6) 30. Kf2 $14 {[%cal Bg2f2,Bf2e2,Be2d1][%mdl 32]} Rf8+ 31. Ke2 Qxg6 32. Nd2 $1 Qc6 33. Kd1 Nf3 34. Rh7 {Strongly threatening Nxe4!} Nxd2 (34... b5 $1 $14) 35. Kxd2 {[%mdl 4096] Endgame KQR-KQR} Rf3 {[#]} 36. Qg1 (36. Qh2 $1 $16) 36... Qf6 $11 {The position is equal.} 37. Ke2 Qc6 $36 {[%mdl 2048] Black is more active.} 38. Kd2 $1 Qf6 39. Rh2 Kb7 40. a3 Qe6 41. Rh7 Qf6 $1 42. Rh2 (42. Qh1 {looks sharper.} a5 43. Rh2 Qe6 44. Rg2 c5 45. Re2) 42... Qe6 43. Qg2 Qf7 44. Qe2 b5 45. Qg2 Qf6 46. Ke2 Qc6 47. Kd2 Qf6 48. Qe2 Qe6 49. Qg2 {Precision: White = 72%, Black = 63%.} 1/2-1/2

[Event "88th GER-ch Men 2017"]
[Site "Apolda"]
[Date "2017.06.25"]
[Round "3"]
[White "Huschenbeth, Niclas"]
[Black "Kollars, Dmitrij"]
[Result "1/2-1/2"]
[WhiteElo "2586"]
[BlackElo "2511"]
[Annotator "TA"]
[PlyCount "80"]
[EventDate "2017.??.??"]
[EventType "swiss"]
[EventCountry "GER"]
[SourceTitle "playchess.com"]
[Source "ChessBase"]
[SourceQuality "1"]

{[%evp 11,80,-6,18,7,17,0,0,0,0,0,0,0,0,-37,-19,0,0,0,21,-9,3,-20,-4,-43,-9,-4,35,25,58,-52,-52,-52,-49,-56,-38,-53,-21,-24,-4,-37,-41,-31,-4,-105,-3,-18,0,0,0,0,0,0,0,0,19,37,102,4,13,0,0,0,0,0,0,0,0,0,0,0,0]} 1. d4 Nf6 2. Bf4 g6 3. Nc3 d5 4. e3 Bg7 5. h4 c6 6. Be2 {A45: Trompowsky Attack} h6 {LiveBook: 5 Games} 7. Qd2 $146 ({Predecessor:} 7. Nf3 Qa5 8. Qd2 Bg4 9. Ne5 Bxe2 10. Qxe2 Qa6 11. Qf3 {½-½ (44) Eljanov,P (2765)-Radjabov,T (2726) Shamkir 2016}) 7... Nbd7 8. g4 b5 9. a3 Nb6 10. Be5 a5 11. f3 Nbd7 12. Bh2 Bb7 13. Nh3 Nb6 14. Be5 Kf8 15. Bd3 Nfd7 16. Bxg7+ Kxg7 17. Qh2 b4 (17... e5 $5 18. dxe5 Qxh4+ 19. Kd2 Qe7 $17) 18. Ne2 c5 (18... e5 $5) 19. h5 {aiming for hxg6.} Qb8 20. dxc5 (20. Ng3 $14) 20... Qxh2 $15 21. Rxh2 Nxc5 22. hxg6 fxg6 23. f4 e5 24. fxe5 Nbd7 25. Nd4 (25. e6 $5 {[%cal Re6d7]} Ne5 26. Nd4 $11) 25... Nxe5 26. Be2 Ba6 27. Rg2 (27. Bxa6 $11 {keeps the balance.} Rxa6 28. axb4 axb4 29. Rxa6 Nxa6 30. Nf4) 27... Rhe8 ({Black should try} 27... Bxe2 $17 28. Rxe2 bxa3 29. Rxa3 Rhb8) 28. Bxa6 {[#] Bb5 is the strong threat.} Rxa6 29. axb4 axb4 30. Rxa6 Nxa6 31. Nf4 Nc7 32. b3 Nf7 (32... g5 $5 {[%cal Rg5f4]} 33. Nd3 Nxd3+ 34. cxd3 Rxe3+ 35. Kd2 Rh3 $11) 33. Ke2 Ng5 (33... Ne5 $14) 34. Nd3 (34. Rg1 $16) 34... Nce6 $11 {The position is equal.} 35. Nc6 d4 $1 36. Ncxb4 Nc7 37. Rg3 Ne4 38. Rf3 Ng5 39. Rg3 Ne4 40. Rf3 Ng5 {Precision: White = 51%, Black = 43%.} 1/2-1/2

[Event "88th GER-ch Men 2017"]
[Site "Apolda"]
[Date "2017.06.25"]
[Round "3"]
[White "Donchenko, Alexander"]
[Black "Jugelt, Tobias"]
[Result "1-0"]
[WhiteElo "2573"]
[BlackElo "2431"]
[Annotator "TA"]
[PlyCount "147"]
[EventDate "2017.??.??"]
[EventType "swiss"]
[EventCountry "GER"]
[SourceTitle "playchess.com"]
[Source "ChessBase"]
[SourceQuality "1"]

{[%evp 22,147,30,28,27,25,30,18,12,5,31,25,31,29,27,32,31,25,27,25,28,7,22,0,5,0,22,19,15,12,24,0,31,0,7,4,36,36,36,56,74,63,102,108,133,72,89,36,70,59,94,86,88,36,36,36,36,36,36,36,36,36,59,36,36,36,36,36,36,36,80,62,58,58,58,58,57,57,107,109,122,57,45,0,0,0,0,0,0,0,0,0,0,0,338,459,593,577,1030,0,0,0,2387,2233,8358,5173,4363,0,10919,10951,11399,11424,4133,2523,9231,0,29968,29966,29955,29952,29955,29962,29960,29964,29978,29978,29975,29976]} 1. c4 c6 2. d4 d5 3. Nf3 Nf6 4. Nc3 e6 5. Bg5 h6 6. Bh4 Nbd7 7. e3 Be7 8. Bd3 b6 9. cxd5 cxd5 10. O-O O-O 11. Qe2 Bb7 12. Rac1 Ne4 {D60: Queen's Gambit Declined: Classical: Unusual White 7th moves} (12... a6 13. h3 Ne4 14. Bxe7 Qxe7 15. Rc2 Rfc8 16. Rfc1 Qd8 {½-½ (16) Roussel Roozmon,T (2249)-Yudasin,L (2558) Montreal 2004}) 13. Bxe7 Qxe7 14. Nb5 Rfc8 $146 {The position is equal.} ({Predecessor:} 14... Nd6 15. Rc7 Rfc8 16. Rfc1 Qd8 17. Qc2 Ne8 18. Rxc8 Rxc8 19. Qd2 a6 20. Rxc8 Qxc8 {½-½ (67) Quinones,G-Vera,K (2095) Lima 1997}) 15. a3 Ndf6 16. Rxc8+ Bxc8 17. Rc1 Ne8 18. Ne5 Bb7 19. f3 N4d6 20. Nc3 Rc8 21. Rf1 Nf6 22. g4 {[%cal Bg2g4,Bg4g5][%mdl 32]} Nd7 23. f4 Ne4 24. Bxe4 dxe4 25. Nxd7 Qxd7 26. h4 f6 27. g5 Qf7 28. Rf2 Kh7 29. Rg2 g6 30. gxf6 Qxf6 31. h5 $36 {[%mdl 2048] White has some pressure.} gxh5 32. Qxh5 Bc6 33. Qg4 ({White should try} 33. Qe5 $1 {[%cal Re5f6]} Qxe5 34. fxe5 (34. dxe5 Rd8 $14)) 33... Qf7 34. Kh2 (34. Qh4 $16) 34... Rf8 35. Ne2 Bb5 36. Ng3 $1 Rg8 37. Qh5 ({Better is} 37. Qh4 $16) 37... Qxh5+ $14 38. Nxh5 {White threatens Nf6+ and mate.} Rxg2+ 39. Kxg2 {[%mdl 4096] Endgame KB-KN} Kg6 40. Ng3 Bc6 41. Kh3 Bd5 42. Kh4 Bc6 43. Ne2 Kg7 44. Nc3 Kg6 45. Nd1 Ba4 46. Nf2 $1 Bc6 47. Ng4 {Ne5+ is the strong threat.} Kg7 48. Ne5 Ba4 49. Nc4 Bb5 50. Nd6 Bc6 51. Kh5 (51. f5 $1 $16) 51... b5 $1 52. b3 a6 53. b4 Kf6 54. Nc8 $1 Kg7 $1 55. Nd6 Kf6 56. Kxh6 Ke7 57. Nc8+ Kd7 $2 {[%mdl 8192]} (57... Kd8 $1 $11 {and Black stays safe.} 58. Na7 Bd5) 58. Na7 $18 Bd5 59. Kg6 Kc7 60. f5 $1 exf5 61. Kxf5 {Black must now prevent Ke5.} Kb7 $2 {[%mdl 8192]} (61... Kb8 $11) 62. Ke5 Bb3 63. Nxb5 axb5 64. Kxe4 {KB-KP} Kc6 $2 {[%mdl 8192]} (64... Kc7 $11) 65. Ke5 Kd7 66. d5 {[%cal Bd4d5,Bd5d6][%mdl 32]} Bd1 67. Kd4 Bf3 68. Kc5 $2 (68. e4 $18 {Threatens to win with e5.} Kc7 69. Ke5) 68... Be2 $2 {[%mdl 8192]} (68... Bg2 $11) 69. e4 {White mates.} Bd3 70. e5 Be4 {[#]} 71. d6 $1 Bd3 {[#]} 72. e6+ $1 {[%mdl 512]} Kxe6 73. Kc6 Bf5 74. Kc7 {Precision: White = 56%, Black = 50%.} 1-0

[Event "88th GER-ch Men 2017"]
[Site "Apolda"]
[Date "2017.06.25"]
[Round "3"]
[White "Bischoff, Klaus"]
[Black "Nisipeanu, Liviu-Dieter"]
[Result "0-1"]
[WhiteElo "2504"]
[BlackElo "2683"]
[Annotator "TA"]
[PlyCount "141"]
[EventDate "2017.??.??"]
[EventType "swiss"]
[EventCountry "GER"]
[SourceTitle "playchess.com"]
[Source "ChessBase"]
[SourceQuality "1"]

{[%evp 15,141,0,0,0,0,0,0,-20,0,0,0,0,1,-19,-9,-16,-9,-9,-9,-21,-12,-20,0,-6,0,0,0,0,0,-2,0,-1,0,-4,-1,-22,-1,-16,0,0,0,0,6,6,6,6,6,-32,0,-7,0,-30,0,0,0,-7,-7,-7,-7,-7,-7,-7,-7,-7,-7,-7,0,-7,-7,-7,0,0,0,0,0,-75,-75,-140,-27,-41,-42,-53,-21,-23,-14,-49,-64,-77,-22,-564,-237,-219,-228,-235,-241,-230,-254,-241,-248,-314,-312,-524,-477,-666,-651,-656,-651,-584,-577,-1215,-1181,-989,-906,-1300,-944,-952,-801,-3622,-3002,-12844,-12844,-12845,-12845,-12845,-12846,-12846,-12847,-12851]} 1. d4 Nf6 2. c4 e6 3. Nf3 d5 4. Nc3 Bb4 5. cxd5 exd5 6. Bg5 h6 7. Bxf6 Qxf6 8. Qb3 Qb6 9. a3 {D38: Queen's Gambit Declined: Ragozin Defence (4 Nf3 Bb4)} Ba5 10. Qc2 {aiming for b4.} Bf5 11. Qc1 {Black must now prevent b4.The position is equal.} (11. Qxf5 Qxb2 12. Rb1 Qxc3+ 13. Kd1 Nd7 $17) 11... Qd6 $146 ({Predecessor:} 11... Qb3 12. e3 Nd7 13. Be2 O-O 14. O-O Bxc3 15. bxc3 Qb6 16. c4 dxc4 17. Qxc4 {0-1 (65) Kozul,Z (2576)-Sulava,N (2565) Marija Bistrica 2011}) 12. b4 Bb6 13. e3 O-O 14. Be2 (14. Nh4 $5 {[%cal Rh4f5]} Be6 15. Bd3 $11) 14... c6 15. O-O Nd7 16. Qb2 Bc7 17. Rfc1 Bg4 {White should prevent ...Bxf3.} 18. g3 Rfe8 19. Ne1 {[%cal Bf3e1,Be1d3,Bd3c5][%mdl 32]} Bxe2 20. Qxe2 Nb6 21. Nd3 Nc4 22. a4 a6 23. a5 Qf6 24. Nc5 Nd6 25. Kg2 Re7 26. Qf3 Qg6 27. Ne2 Ne4 (27... Nf5 $5 {[%cal Rf5h4]} 28. Kh3 Nd6 $11) 28. Nf4 Bxf4 29. Qxf4 Rae8 30. Ra2 h5 31. Re2 Nd6 32. Rce1 Nf5 33. Kf1 Kh7 (33... h4 $5) 34. h3 Kg8 35. h4 Kh7 36. Qf3 Kh8 37. Qf4 Kg8 38. Qf3 Kh7 39. Qf4 Rd8 40. Rd2 Rde8 41. Rde2 f6 42. Qf3 Nd6 43. Kg2 Nf5 44. Kf1 Kg8 45. Qf4 (45. Rd1 $11) 45... Qh7 $1 $17 46. Kg1 (46. Kg2 $142) 46... Rf8 (46... g5 $1 $17 {[%cal Rg5f4]} 47. hxg5 fxg5 48. Qxg5+ Rg7) 47. e4 $11 Nxd4 48. Rd2 {[#]} g5 $1 $36 {[%mdl 2560] Black has the initiative.} 49. Qe3 $1 {[%cal Re3d4] [#]} ({Avoid the trap} 49. hxg5 $2 fxg5 50. Qxf8+ Kxf8 $19) 49... Nf5 $1 {[%mdl 512]} 50. Qb3 (50. Qc3 {seems wilder.} Nd6 51. Rde2 Nxe4 52. Nxe4 dxe4 53. hxg5 fxg5 54. Qc4+) (50. exf5 Rxe3) 50... Nd6 {Strongly threatening ...gxh4.} ({Much weaker is} 50... gxh4 $6 51. Rf1 $14) 51. hxg5 Nxe4 ({Black should try} 51... h4 $17 52. Rde2 Qh5 53. gxh4 fxg5) 52. gxf6 $2 {[%mdl 8192]} (52. Rde2 $1 $11 {and White is okay.} Nxc5 53. bxc5) 52... Nxd2 (52... Nxc5 $142 53. fxe7 Nxb3 54. exf8=N Kxf8) 53. fxe7 $19 Nxb3 54. Nd7 {[%csl Gd7][%cal Re7f8]} Re8 55. Nf6+ {[#]} Kf7 $1 {[%cal Rf7f6]} 56. Nxh7 {intending Ng5+.} Rxe7 {[%mdl 4096] Endgame KRN-KRN} 57. Ng5+ Kf6 58. Rxe7 $2 (58. Rb1 Nxa5 59. Ne4+ Rxe4 60. bxa5) 58... Kxe7 {KN-KN. Black is clearly winning.} 59. Nh3 c5 60. bxc5 Nxa5 61. Nf4 d4 62. Nxh5 Nb3 63. Nf4 Nxc5 64. Kf1 a5 65. Ke2 b5 {[%cal Bb7b5,Bb5b4][%mdl 32]} 66. Nd3 Kd6 67. g4 Nxd3 68. Kxd3 {[#]} Kd5 $1 69. g5 b4 70. g6 Ke6 71. Kxd4 {Precision: White = 50%, Black = 58%.} 0-1

[Event "88th GER-ch Men 2017"]
[Site "Apolda"]
[Date "2017.06.25"]
[Round "3"]
[White "Meister, Jakob"]
[Black "Heimrath, Reiner"]
[Result "1-0"]
[WhiteElo "2433"]
[BlackElo "2231"]
[Annotator "TA"]
[PlyCount "137"]
[EventDate "2017.??.??"]
[EventType "swiss"]
[EventCountry "GER"]
[SourceTitle "playchess.com"]
[Source "ChessBase"]
[SourceQuality "1"]

{[%evp 9,137,0,15,-25,0,-14,24,0,41,36,62,70,63,41,68,61,62,67,71,69,89,108,89,81,92,89,101,101,99,100,131,97,115,104,165,168,245,233,234,224,225,223,227,220,237,237,244,212,218,213,238,200,175,135,161,154,150,0,0,6,7,18,138,151,154,170,354,312,342,350,331,277,256,123,164,161,169,175,158,175,166,173,158,170,150,113,112,96,105,91,95,108,100,63,187,194,283,261,349,341,428,424,609,379,373,355,351,331,453,463,535,410,431,398,1911,1868,1533,1398,5237,5197,29985,29986,29989,29990,29992,29993,29995,29996,29996,29997]} 1. d4 Nf6 2. Nc3 d5 3. Bf4 e6 4. e3 Bd6 (4... Bb4 5. Nge2 O-O 6. a3 Bd6 7. Ng3 c5 8. dxc5 Bxc5 9. Bd3 Nc6 10. O-O Bd6 11. Bg5 h6 12. Bxf6 Qxf6 {0-1 (74) Navara,D (2734)-Wojtaszek,R (2734) Berlin 2015}) 5. Nf3 a6 6. Ne5 {D00: 1 d4 d5: Unusual lines} Nbd7 $146 ({Predecessor:} 6... c5 7. dxc5 Bxc5 8. Qf3 Nc6 9. O-O-O O-O 10. Bd3 Nxe5 11. Bxe5 Nd7 {½-½ (78) Bortnyk,O (2581)-Meskovs,N (2489) Tallinn 2016}) 7. g4 h6 8. a3 {White has an edge.} Qe7 (8... g5 $5 {[%cal Rg5f4]} 9. Bg3 h5 $11) 9. Bg2 Nf8 10. h4 {[%cal Bh2h4,Bh4h5][%mdl 32]} N6d7 11. Nd3 $36 {[%mdl 2048] Black is under pressure.} (11. e4 {keeps more tension.} c6 12. Bg3 f6 13. Nxd7 Bxd7 14. Qe2) 11... Ng6 12. Bxd6 cxd6 13. h5 Ngf8 14. Qe2 Nf6 15. f4 N8h7 16. Bf3 Bd7 17. Qg2 Bc6 18. O-O-O O-O-O 19. Nb4 Be8 20. Rdg1 a5 21. Nd3 Nf8 (21... Bc6 $16 22. Kb1 Rdg8) 22. g5 $18 N6d7 (22... Ng8 $142 23. gxh6 Nxh6 24. Qxg7 Rh7) 23. Bxd5 Nb6 24. Ba2 Kb8 25. Qd2 Qc7 26. e4 Rc8 27. gxh6 gxh6 28. Rh3 Na4 {[%cal Ra4c3]} 29. Nf2 Qb6 30. Nxa4 Bxa4 31. c4 Nd7 32. e5 d5 33. c5 (33. Rhg3 $16) 33... Nxc5 $1 $11 34. dxc5 Rxc5+ 35. Rc3 Rxc3+ (35... Rhc8 $11 {keeps the balance.} 36. Rgg3 d4 37. Rxc5 Rxc5+ 38. Kb1 Rc2 39. Qxc2 Bxc2+ 40. Kxc2 Qd8) 36. bxc3 $16 Rc8 37. Rg3 d4 $2 (37... Bb3 {was worth a try.} 38. Kb2 Bxa2+ 39. Kxa2 Qb5) 38. c4 Bc6 39. Qb2 Qc5 40. Nd3 Qe7 41. Kd1 (41. Qxd4 $18 {is more deadly.} Qxa3+ 42. Kb1) 41... Qh4 42. Qf2 $1 Be4 {Threatens to win with ...Bxd3.} 43. Kd2 Qxh5 44. Bb3 (44. Qxd4 Bxd3 45. Qd6+ (45. Kxd3 Qh2 $17) 45... Ka7 $17) 44... Qh4 45. Bd1 Qd8 {[#]} 46. Nb2 $1 f6 47. exf6 Qxf6 48. Ke1 Rf8 49. Nd3 Bxd3 50. Rxd3 e5 51. f5 Qc6 (51... Qxf5 $14 52. Qxf5 Rxf5) 52. Qf3 $18 Qxc4 (52... Qf6 $142 53. Qd5 (53. Rb3 Qh4+ 54. Kd2 e4 $16) 53... Qh4+ 54. Kd2 Qe7) 53. Qe4 Qc7 54. Rb3 Ka7 55. Bf3 {[%cal Rb3b7]} b6 (55... Qc1+ $142 56. Kf2 Qd2+ 57. Be2 Qf4+ 58. Qxf4 exf4) 56. Kf2 Qc8 {[#]} 57. Rb2 $1 d3 ({But not} 57... Rxf5 58. Rc2 $18) 58. Qe3 {[%csl Gb2][%cal Re3b6]} ({Not} 58. Qxe5 Rxf5 59. Qe7+ Ka6 $16) ({Less strong is} 58. Qxd3 Qxf5 59. Qe3 Qe6 $18) 58... Qd8 59. Be4 Rg8 60. Kf1 Rg4 61. Qxd3 Qc7 $2 (61... Qxd3+ 62. Bxd3 Rd4) 62. Rc2 Rf4+ 63. Kg1 Qg7+ 64. Rg2 Qc7 65. Rg8 {[%csl Ge4][%cal Rg8a8] White mates.} Qc5+ 66. Kh1 {[%csl Ge4][%cal Rg8a8]} Rh4+ 67. Kg2 {[%csl Ge4][%cal Rg8a8]} Rh2+ 68. Kxh2 {[%csl Ge4][%cal Rg8a8]} Qf2+ 69. Kh3 {Precision: White = 73%, Black = 42%.} 1-0

[Event "88th GER-ch Men 2017"]
[Site "Apolda"]
[Date "2017.06.25"]
[Round "3"]
[White "Kalinitschew, Sergey"]
[Black "Schmitt, Philipp"]
[Result "1-0"]
[WhiteElo "2423"]
[BlackElo "2174"]
[Annotator "TA"]
[PlyCount "91"]
[EventDate "2017.??.??"]
[EventType "swiss"]
[EventCountry "GER"]
[SourceTitle "playchess.com"]
[Source "ChessBase"]
[SourceQuality "1"]

{[%evp 16,90,50,38,47,41,43,42,53,29,22,17,29,19,16,-8,-9,-10,0,-76,-37,-68,-13,-28,0,0,20,19,19,-37,-42,-40,-45,-33,-28,-18,-10,-121,-3,-21,-10,-11,0,0,-12,0,0,0,0,0,0,0,0,0,0,-39,0,0,127,129,895,858,1342,1320,1068,1031,12839,12839,29991,29992,29998,29999,29999,0,12837,0,29999]} 1. c4 e6 2. Nc3 d5 3. d4 Bb4 4. cxd5 exd5 5. Bf4 Nf6 6. e3 {D31: Queen's Gambit Declined: Semi-Slav without ...Nf6 (+ Marshall Gambit and Noteboom) and Exchange Variation lines without ...Nf6} O-O 7. Bd3 Nbd7 8. Nf3 c5 (8... c6 9. a3 Be7 10. Qc2 Re8 11. O-O Nf8 12. h3 Ng6 13. Bh2 a5 14. Rab1 Bd6 15. Bxd6 Qxd6 {0-1 (61) Tregubov,P (2586)-Alekseev,E (2636) Sochi 2016}) 9. O-O {LiveBook: 3 Games} c4 10. Bb1 $146 ({Predecessor:} 10. Bc2 Bxc3 11. bxc3 Qa5 12. Qc1 Re8 13. Nd2 Nb6 14. a4 Ne4 15. Nb1 {0-1 (54) Kraus,T (2255)-Kanovsky,D (2445) Kouty nad Desnou 2012}) 10... Bxc3 11. bxc3 Re8 12. Nd2 Qa5 13. Qc2 g6 14. f3 Nb6 15. e4 Na4 16. Rc1 Bd7 17. Be5 (17. Bg5 $11 {keeps the balance.} Nh5 18. Bh6) 17... Re6 {[%cal Be8e6,Be6b6,Bb6b2][%mdl 32]} 18. exd5 Qxd5 (18... Nxd5 $15 19. Nxc4 Qxc3) 19. Ne4 Nxe4 20. fxe4 Qa5 21. Bg3 Qg5 {Strongly threatening ...Rxe4!} 22. Re1 ({Better is} 22. Rf1 $11) 22... Rb6 $15 23. Qc1 Qxc1 24. Rxc1 Rb2 25. Be1 Re8 26. Rc2 (26. Bc2 $11) 26... Rb6 (26... Rxe4 $17 27. Kf1 Rf4+ 28. Kg1 Rb6) 27. Rf2 f6 28. Bc2 Kg7 29. Bd2 Nb2 $1 30. Raf1 Ba4 31. Bxa4 Nxa4 32. e5 {[%cal Rf2f6]} Rb2 33. g4 Kg8 34. exf6 {[#] f7+ would kill now.} Kf7 35. d5 {[%cal Bd4d5,Bd5d6][%mdl 32]} Rxa2 36. Rb1 $36 {[%mdl 2048] White fights for an advantage.} Nb6 (36... b6 $11) 37. d6 $16 Rd8 $2 {[%mdl 8192]} (37... Rc2 $16) 38. Re1 $18 {[#] Intending Re7+ and mate.} Rxd2 39. Re7+ Kf8 40. Rxd2 {[%mdl 4096] Endgame KRR-KRN} Rd7 41. g5 {Threatening mate with Rde2.} a5 42. Rde2 Rxd6 43. Re8+ Kf7 44. R8e7+ (44. R2e7# $142) 44... Kf8 $1 45. Re8+ (45. Rxb7 $18 Nd5 46. Rxh7) 45... Kf7 46. R2e7# {Precision: White = 58%, Black = 39%.} 1-0